Làm vang trái cây trong gia đình

Khái niệm về rượu vang, lý thuyết cần biết về men và vi khuẩn, nguyên liệu và dụng cụ cần thiết để chế rượu, quy trình chế biến rượu vang trắng và vang đỏ

Zapisane w:
Opis bibliograficzny
1. autor: Vũ Công Hậu
Format: Książka
Język:Vietnamese
Wydane: H. Nông nghiệp 1987
Hasła przedmiotowe:
Etykiety: Dodaj etykietę
Nie ma etykietki, Dołącz pierwszą etykiete!
Thư viện lưu trữ: Mạng thư viện Đại học Đà Nẵng
LEADER 01268nam a2200349 4500
001 000006677
003 2835
005 20110919090929.0
008 110916s1987 viesd
020 |c 2000đ 
041 0 |a vie 
082 |a 641.8  |b VU-H 
100 0 |a Vũ Công Hậu 
245 0 |a Làm vang trái cây trong gia đình  |c Vũ Công Hậu 
260 |a H.  |b Nông nghiệp  |c 1987 
300 |a 21 tr  |c 19 cm 
520 |a Khái niệm về rượu vang, lý thuyết cần biết về men và vi khuẩn, nguyên liệu và dụng cụ cần thiết để chế rượu, quy trình chế biến rượu vang trắng và vang đỏ 
653 |a Rượu 
653 |a rượu vang 
653 |a rượu vang trắng 
700 |a Vũ Công Hậu 
910 |a Nguyễn Thị Kim Oanh  |d 16/09/2011 
OWN |a LSP 
AVA |a UDN50  |b LSP  |d 641.8 VU-H  |e available  |t Error 5001 Not defined in file expand_doc_bib_avail.  |f 3  |g 1  |h N  |i 0  |k 1 
999 |a From the UDN01 
AVA |a UDN50  |b LSP  |d 641.8 VU-H  |e available  |t Error 5001 Not defined in file expand_doc_bib_avail.  |f 3  |g 1  |h N  |i 0  |k 1 
TYP |a Monograph 
TYP |a Printed language 
980 |a Mạng thư viện Đại học Đà Nẵng